000
00332pab a2200145 454500
008
180718b1987 xxu||||| |||| 00| 0 eng d
100
_a
Goyal, D.R.
245
_a
Punjab
_b
Reviewing Barnala phase
260
_c
1987
300
_a
7-9
362
_a
23 May
650
_a
Punjab - Government
773
_a
Mainstream
909
_a
16801
999
_c
16801
_d
16801